| 000 | 02344nam a2200541 a 4500 | ||
|---|---|---|---|
| 001 | dia_5700 | ||
| 003 | CHAP | ||
| 005 | 20240829131551.0 | ||
| 007 | ta | ||
| 008 | 220117s2008 mx ado f 001 0 spa d | ||
| 040 |
_amxchpua _cCHAP |
||
| 090 |
_aT.C.452 _bP66 IAI _c2008 |
||
| 245 | 1 | 0 |
_aReporte de viaje de estudios a la región Centro-Sur de Tamaulipas / _ccoordinador Pedro Ponce Hernández ; colaboradores Lilia Ingrith Calderón López...[et al.] |
| 260 |
_aMéxico : _bEl autor, _c2008 |
||
| 300 |
_a53 hojas : _bilustraciones, tablas, gráficas, fotos |
||
| 336 |
_2rdacontent _atexto _btxt |
||
| 337 |
_2rdamedia _ano mediado _bnc |
||
| 338 |
_2rdacarrier _avolumen _bnc |
||
| 500 | _aGrado: 5° año Grupo: 03 | ||
| 502 |
_aViaje de Estudios _b(IAI) -- _cUACh. Departamento de Ingeniería Agroindustrial, _d2008 |
||
| 504 | _aBibliografía: hoja 53 | ||
| 505 | 0 | 0 | _tEmpresas visitadas : -- 1.Centro de investigación citrícola, Francisco Villa -- 2.Citrocel -- 3.Ingenio, El Mate -- 4.Alimentos y corrales de Aldama, S. A. de C. V. -- 5.Frigorifico y empacadora Rodolfo Mariño Rodríguez -- 6.INIFAP Aldama, Tamaulipas -- 7.Rancho, el Venado -- 8.Vivero -- 9.ACUATAM -- 10.PROMAR, S. A. de C. V. |
| 650 | 1 | 3 |
_aÁreas de conservación _9155377 |
| 650 | 1 | 3 | _aCaña de azúcar |
| 650 | 1 | 3 |
_aCítricos _924392 |
| 650 | 1 | 3 |
_aFrutas _9150601 |
| 650 | 1 | 3 |
_aGanadería _944604 |
| 650 | 1 | 3 |
_aIndustria de los alimentos _9152869 _zMéxico _zTamaulipas |
| 650 | 1 | 3 |
_aIndustria agrícola _9154220 _zMéxico _zTamaulipas |
| 650 | 1 | 3 |
_aCitrus fruits _9152026 |
| 650 | 1 | 3 |
_aConservation areas _9155378 |
| 650 | 1 | 3 |
_aFood industry _9152868 _zMexico _zTamaulipas |
| 650 | 1 | 3 |
_aLegumbres _965680 |
| 650 | 1 | 3 |
_aAnimal husbandry _9144276 |
| 650 | 1 | 3 |
_aAgricultural industry _9154219 _zMexico _zTamaulipas |
| 650 | 1 | 3 |
_aFruits _9150789 |
| 650 | 1 | 0 |
_aSugarcane _9152878 |
| 650 | 1 | 3 |
_aVegetables _9151808 |
| 700 | 1 |
_aPonce Hernández, Pedro _9147918 _ecoordinador |
|
| 700 | 1 |
_aCalderón López, Lilia Ingrith _9159352 _ecolaborador |
|
| 856 | 4 | 2 |
_uhttp://10.13.5.2/ve/TC452IAI/TC452IAI2008-REPORTE.pdf _yDESCARGAR REPORTE |
| 901 | _aT.C.452 P66 IAI 2008 | ||
| 902 | _aM | ||
| 905 | _a5232172008 mx dml 8223123322spa16 | ||
| 942 | _2local | ||
| 942 | _cVE | ||
| 999 |
_c176707 _d176707 |
||